|
|
|
|
| LEADER |
00000nfb a2200000 ar4500 |
| 001 |
vtls009318071 |
| 003 |
SK-MaSNL |
| 005 |
20260303055729.0 |
| 008 |
080804c2008 xo mr|p|||||||000 b|slo |
| 015 |
|
|
|a SNBRB2008/07
|2 snkbucl
|
| 038 |
|
|
|a SNKBUCL
|
| 040 |
|
|
|a SNKBUCL
|b slo
|c SNKBUCL
|e AACR2
|
| 041 |
0 |
|
|a slo
|
| 044 |
|
|
|a xo
|c SK
|
| 080 |
|
|
|a 274
|2 2001
|
| 100 |
1 |
|
|a Horniaček, Milan
|4 aut
|9 7938
|
| 245 |
1 |
0 |
|a Evanjelická vnútromisijná konferencia vo Zvolene
|c Milan Horniaček
|
| 610 |
2 |
7 |
|a Evanjelická cirkev a.v.
|2 snkbucl
|9 32425
|
| 648 |
|
7 |
|a 2. - 3. 5. 2008
|2 snkbucl
|9 1051515
|
| 650 |
0 |
7 |
|a kresťanstvo
|x vnútromisijné konferencie
|2 snkbucl
|9 1051516
|
| 651 |
|
7 |
|a Zvolen (Slovensko)
|2 snkbucl
|9 14595
|
| 773 |
0 |
|
|t Cestou svetla
|g Roč. XIX, č. 7 (2008), s. 5
|x 1335-647X
|
| 852 |
|
|
|a SNK
|b KIS3GCP
|
| 958 |
|
|
|a SK
|
| 958 |
|
|
|a NT
|
| 999 |
|
|
|c 1728613
|d 1730543
|